Logo BPK

Biblioteka

Politechniki Koszalińskiej

Maszyny do obróbki plastycznej. (Rekord nr 3167)

Szczegóły MARC
000 -ETYKIETA REKORDU
podpole kontrolne o stałej długości 00540nam a2200169 i 4500
001 - NUMER KONTROLNY REKORDU
pole kontrolne bg
040 ## - ŹRÓDŁO KATALOGOWANIA
Instytucja, która utworzyła rekord BPK
041 ## - KOD JĘZYKA
Kod języka tekstu pol
080 ## - UNIWERSALNA KLASYFIKACJA DZIESIĘTNA - UKD
UKD 621.7(075.8)
008 - POLE O STAŁEJ DŁUGOŚCI - DANE KONTROLNE
podpole kontrolne o stałej długości s pl f |000 0 pol
100 1# - NAZWA OSOBOWA
Nazwa osobowa GIERZYŃSKA-DOLNA, Monika
245 #0 - TYTUŁ/ODPOWIEDZIALNOŚĆ
Tytuł Maszyny do obróbki plastycznej.
Oznaczenie części/sekcji dzieła Cz. 2,
Tytuł części/sekcji dzieła Maszyny kuźnicze (skrypt do wykładów) /
Pozostałe elementy strefy tytułu i oznaczenia odpowiedzialności Monika Gierzyńska-Dolna ; Politechnika Częstochowska.
260 ## - STREFA ADRESU WYDAWNICZEGO
Miejsce wydania Częstochowa :
Nazwa wydawcy/dystrybutora PC,
Data publikacji, dystrybucji/powstania dokumentu 1984.
300 ## - STREFA OPISU FIZYCZNEGO
Objętość 236 s. :
Inne cechy fizyczne fot., rys., wykr. ;
Rozmiary 25 cm.
504 ## - UWAGA DOTYCZĄCA BIBLIOGRAFII
Informacje o bibliografii Bibliogr. s. 236.
856 ## - LOKALIZACJA I DOSTĘP DO ELEKTRONICZNYCH DOKUMENTÓW ZDALNYCH
Link (URL) http://koha.tu.koszalin.pl/cgi-bin/koha/opac-detail.pl?biblionumber=3167
Tekst linku Katalog online BPK
942 ## - DODATKOWE ELEMENTY (KOHA)
Typ dokumentu Książka
Egzemplarze
Wycofany Status egzemplarza Uszkodzony Dostępność Lokalizacja stała Lokalizacja bieżąca Miejsce przechowywania Sygnatura Kod kreskowy Typ dokumentu
      Dostępny Biblioteka Politechniki Koszalińskiej Biblioteka Politechniki Koszalińskiej Wypożyczalnia BG P 36366 01475999 Książka
© 2023 Biblioteka Politechniki Koszalińskiej :: KOHA